The communicative syllabus evolution, design and implementation
Saved in:
| 主要作者: | |
|---|---|
| 格式: | 圖書 |
| 語言: | 英语 |
| 出版: |
Oxford
Pergamon Press
1983
|
| 叢編: | Language Teaching Methodology Series
|
| 主題: | |
| 標簽: |
添加標簽
沒有標簽, 成為第一個標記此記錄!
|
MARC
| LEADER | 00000nam a2200000 a 4500 | ||
|---|---|---|---|
| 001 | UCQ7925 | ||
| 003 | CL-VaPUC | ||
| 008 | 981121e19830000UK |||||||||||||||||eng|d | ||
| 082 | 0 | 4 | |a 418.007 |b YAL |2 21 |
| 100 | 0 | |a Yalden, Janice |e author |9 421734 | |
| 245 | 1 | 4 | |a The communicative syllabus evolution, design and implementation |
| 300 | |a 198 p | ||
| 942 | |c BK | ||
| 945 | |d 19981121 00:00:00 |a crobeson | ||
| 260 | |a Oxford |b Pergamon Press |c 1983 | ||
| 650 | 0 | |a Lingüística aplicada |9 313266 | |
| 650 | 0 | |a Educación lingüística |9 306506 | |
| 650 | 0 | |a Enseñanza de idiomas |9 339820 | |
| 650 | 0 | |a Métodos de enseñanza |9 270413 | |
| 650 | 0 | |a Comunicación |9 257251 | |
| 583 | |a last modification |c 20111229 03:10:10 |k Rodrigo Vera | ||
| 490 | 0 | |a Language Teaching Methodology Series | |
| 999 | |c 277299 |d 277297 | ||
| 952 | |0 0 |1 0 |4 0 |6 418_007000000000000_YAL_1983 |7 0 |8 A |9 315185 |a FDOPOS |b FDOPOS |d 2019-11-20 |i 1493930 |o 418.007 YAL 1983 |p 1493930 |r 2025-01-22 |w 2019-11-20 |y BK |k MLA | ||